000 00779nam a2200265Ia 4500
003 OSt
005 20220912144849.0
006 a|||||r|||| 00| 0
007 ta
008 220909b |||||||| |||| 00| 0 eng d
024 _a68538
037 _cTextual
040 _aCSL
_beng
_cCSL
041 _aeng
082 _aB2893p1,N77, L8
100 _aCoppel W A Ed.
111 _aConference on mathematic control theory (1977 : Canada, Austrellia)
245 0 _aProceeding on mathematical control theory
260 _aBerlin
_bSpringer-Verlag
_c1978
300 _a257p.
_ccm.
490 _aLectures notes in mathematics; 680
650 _aOperational research
942 _hB2893p1,N77, L8
_cTEXL
_2CC
999 _c17597
_d17597